Statistiques concernant Chronologie des capitales françaises

Cliquez ici pour prendre le quiz!

Statistiques générales

  • Ce quiz a été pris 320 fois
    (228 depuis la dernière actualisation)
  • Le résultat moyen est 9 sur 19

Statistiques - réponses

AnnéesIndiceCapitale% Correct
508-768Capitale décidée par Clovis IerParis
99%
1940-1944Capitale de la France occupéeVichy
90%
1682-1715 / 1722-1789Déménagement de la cour sous l'ordre de Louis XIVVersailles
80%
511 / 561-613Capitales fruits de la division du royaume en 511Reims
73%
1914Déménagement par peur d'une invasion allemande rapideBordeaux
72%
511-558 / 561-613L'une des capitale fruit de la division du royaume en 511Orléans
71%
795 - 843Capitale promulguée par CharlemagneAix-la-Chapelle
66%
1422-1442Capitale provisoire lors de la guerre de Cent AnsTours
53%
1942-1944Capitale de la France libreAlger
49%
486-508 / 511-613De facto, capitale des Francs saliensSoissons
41%
511-558Mieux situé que la précédente selon Thierry IerMetz
40%
1417 - 1422Capitale provisoire lors de la guerre de Cent AnsTroyes
35%
1422-1442Capitales provisoires lors de la guerre de Cent AnsBourges
32%
1940-1942Capitale de la France libreBrazzaville
29%
? - 987Siège des derniers rois carolingiensLaon
25%
1944Siège du général de Gaulle entre le débarquement et la prise de ParisBayeux
22%
431-508Première capitale des Francs saliensTournai
22%
1494-1495Ville de Pierre II de Bourbon qui devient capitale en l'absence de Charles VIIIMoulins
20%
639 - 673L'une deux capitale à la mort de Dagobert IerClichy
18%

Distribution des résultats

Percentile par nombre de réponses

% des personnes avec chaque résultat

Votre développement - résultats

Vous n’avez pas pris ce quiz depuis la dernière actualisation